000 00377nam a2200145Ia 4500
008 230627s9999 xx 000 0 und d
020 _a0-421-35040-7
041 _amar
082 _a342.06
_bPHI
100 _aPhillips O. H
245 _aConstitutional And Administrative Law
250 _a7ed.
260 _aLondon
_bSweet & Maxwell Limited
_c1987
700 _a Jackson P.,
999 _c684613
_d684613